On-chip instrumentation : (Record no. 32965)

000 -LEADER
fixed length control field 01311cam a2200373Ia 4500
001 - CONTROL NUMBER
control field 10778568
003 - CONTROL NUMBER IDENTIFIER
control field OSt
005 - DATE AND TIME OF LATEST TRANSACTION
control field 20211021152807.0
006 - FIXED-LENGTH DATA ELEMENTS--ADDITIONAL MATERIAL CHARACTERISTICS
fixed length control field m d
007 - PHYSICAL DESCRIPTION FIXED FIELD--GENERAL INFORMATION
fixed length control field cr n
008 - FIXED-LENGTH DATA ELEMENTS--GENERAL INFORMATION
fixed length control field 100927s2010 nyua s 001 0 eng d
020 ## - INTERNATIONAL STANDARD BOOK NUMBER
International Standard Book Number 9781441975621
035 ## - SYSTEM CONTROL NUMBER
System control number (WaSeSS)ssj0000671591
038 ## - RECORD CONTENT LICENSOR
Staff Name khadija
040 ## - CATALOGING SOURCE
Original cataloging agency CaPaEBR
Transcribing agency CaPaEBR
Modifying agency WaSeSS
050 #4 - LIBRARY OF CONGRESS CALL NUMBER
Classification number TK7895.E42
Item number S7655 2010eb
082 ## - DEWEY DECIMAL CLASSIFICATION NUMBER
Classification number 621.381
Author Mark STO
100 1# - MAIN ENTRY--PERSONAL NAME
Personal name Stollon, Neal.
9 (RLIN) 83327
210 10 - ABBREVIATED TITLE
Abbreviated title On-chip instrumentation
245 10 - TITLE STATEMENT
Title On-chip instrumentation :
Remainder of title design and debug for systems on chip /
Statement of responsibility, etc. Neal Stollon.
260 ## - PUBLICATION, DISTRIBUTION, ETC.
Place of publication, distribution, etc. New York :
Name of publisher, distributor, etc. Springer,
Date of publication, distribution, etc. 2010.
500 ## - GENERAL NOTE
General note Includes index.
506 ## - RESTRICTIONS ON ACCESS NOTE
Terms governing access License restrictions may limit access.
563 ## - BINDING INFORMATION
Binding note Hardcover
650 #0 - SUBJECT ADDED ENTRY--TOPICAL TERM
Topical term or geographic name entry element Systems on a chip
General subdivision Design and construction.
9 (RLIN) 83328
650 #0 - SUBJECT ADDED ENTRY--TOPICAL TERM
Topical term or geographic name entry element Embedded computer systems
General subdivision Design and construction.
9 (RLIN) 81535
650 #0 - SUBJECT ADDED ENTRY--TOPICAL TERM
Topical term or geographic name entry element Debugging in computer science.
9 (RLIN) 36764
655 #7 - INDEX TERM--GENRE/FORM
Genre/form data or focus term Electronic books.
Source of term local
9 (RLIN) 621
710 2# - ADDED ENTRY--CORPORATE NAME
Corporate name or jurisdiction name as entry element ebrary, Inc.
9 (RLIN) 622
773 #0 - HOST ITEM ENTRY
Title SpringerLink ebooks - Engineering (2011)
856 40 - ELECTRONIC LOCATION AND ACCESS
Uniform Resource Identifier <a href="http://www.columbia.edu/cgi-bin/cul/resolve?clio10778568">http://www.columbia.edu/cgi-bin/cul/resolve?clio10778568</a>
Public note Full text available from SpringerLink ebooks - Engineering (2011)
910 ## - USER-OPTION DATA (OCLC)
User-option data Vendor-generated brief record
942 ## - ADDED ENTRY ELEMENTS (KOHA)
Source of classification or shelving scheme
Koha item type Book
Holdings
Withdrawn status Lost status Source of classification or shelving scheme Damaged status Not for loan Permanent Location Current Location Shelving location Date acquired Full call number Barcode Date last seen Price effective from Koha item type
          School of Mechanical & Manufacturing Engineering (SMME) School of Mechanical & Manufacturing Engineering (SMME) General Stacks 12/15/2015 621.381 STO SMME-1890 03/29/2018 12/15/2015 Book
© 2023 Central Library, National University of Sciences and Technology. All Rights Reserved.